Welcome to the Holygrace Academy Library

Please use search bar below to get started

100 WARS (Record no. 6568)

MARC details
000 -LEADER
fixed length control field 00334nam a22001457a 4500
020 ## - INTERNATIONAL STANDARD BOOK NUMBER
ISBN 81-7439-023-5
082 ## - DEWEY DECIMAL CLASSIFICATION NUMBER
Classification number 001
Item number CRO/W
100 ## - MAIN ENTRY--AUTHOR NAME
Personal name CROMPTON,SAMUEL WILLARD
245 ## - TITLE STATEMENT
Title 100 WARS
Remainder of title THAT SHAPED WORLD HISTORY
250 ## - EDITION STATEMENT
Edition statement FIRST
260 ## - PUBLICATION, DISTRIBUTION, ETC. (IMPRINT)
Place of publication NEWDELHI
Name of publisher GEMINI BOOKS
300 ## - PHYSICAL DESCRIPTION
Number of Pages 110
650 ## - SUBJECT ADDED ENTRY--TOPICAL TERM
Topical Term WARS
Geographic subdivision NEW DELHI
942 ## - ADDED ENTRY ELEMENTS (KOHA)
Koha item type Books
Holdings
Withdrawn status Lost status Collection code Home library Current library Shelving location Date acquired Source of acquisition Full call number Accession Number Koha item type
    Reference Main Library Main Library SHELF-17-L-BIOGRAPHIES & AUTOBIOGRAPHIES 17/11/2006 PURCHASE 001 CRO/W 03513 Books